| 000 | 00621 a2200157 4500 | ||
|---|---|---|---|
| 003 | Nust | ||
| 005 | 20170207165830.0 | ||
| 022 | _a0-497-83938-5 | ||
| 040 | _cNust | ||
| 100 | _aPhilip M. Parker, | ||
| 245 |
_aThe 2009-2014 World Outlook for Online Retail Sales (e-Commerce) (E-BOOK) _cPhilip M. Parker, |
||
| 260 |
_aIcon Group International, _bFrance _c2008 |
||
| 300 | _a199 p | ||
| 505 | _aINTRODUCTION (Page-1) SUMMARY OF FINDINGS (Page-9) AFRICA (Page-11) ASIA (Page-50) EUROPE (Page-72) LATIN AMERICA (Page-109) NORTH AMERICA & THE CARIBBEAN (Page-128) OCEANA (Page-148) THE MIDDLE EAST (Page-168) | ||
| 651 | _aE-Book | ||
| 942 |
_2ddc _cBK |
||
| 999 |
_c213242 _d213242 |
||